| 000 | 005490000a22001690004500 | ||
|---|---|---|---|
| 003 | MACL | ||
| 005 | 20160610164513.0 | ||
| 008 | 160610b xxu||||| |||| 00| 0 eng d | ||
| 040 |
_aMACL _cMACL |
||
| 041 | _aHindi | ||
| 082 | _a800 | ||
| 100 |
_aशेखरन, गोपाल _964049 |
||
| 245 |
_aसर्वव्याप्त भ्रष्टाचार _cगोपाल शेखरन |
||
| 260 |
_bज्ञान भारती _c1996 _aदिल्ली |
||
| 650 |
_aLiteracture _964050 |
||
| 942 |
_cHIN _k800 _2ddc |
||
| 999 |
_c47108 _d47108 |
||